000 00676nam a22001697a 4500
005 20251108172051.0
008 250721s2001 xx 000 0 ara d
082 1 4 _a340/منص
100 1 _aمنصور، أمجد
_eمؤلف
245 1 0 _aالنظرية العامة للإلتزامات :
_bدراسة في القانون المدني والاردني والمصري والفرنسي ومجلة الأحكام العدلية والفقه الإسلامي /
264 1 _aعمان :
_bالدار العلمية للنشر والتوزيع،
_c2001.
300 _a409ص
650 1 7 _aالقانون
650 1 7 _aالإلتزامات
942 _2ddc
_cBK
999 _c69608
_d69608